Pays Frontaliers à la France - Statistiques

Statistiques générales
  • Ce quiz a été pris 511 fois
    478 depuis la dernière actualisation
  • Le résultat moyen est 8 sur 11
Answers on the Grid
Answers color-coded by a green-red scale on the quiz's grid according to % correct below.
Espagne
Portugal
Allemagne
Suisse
Luxembourg
Andorre
Monaco
Royaume Uni
Italie
Autriche
Brésil
Suriname
Argentine
Afrique du Sud
Vatican
Belgique
Pays Bas
Danemark
Irlande
Guyana
 
Statistiques - réponses
Réponse % Correct
Espagne
99%
Allemagne
90%
Suisse
90%
Monaco
87%
Italie
86%
Luxembourg
85%
Andorre
82%
Belgique
82%
Brésil
62%
Suriname
49%
Pays Bas
30%
Aucun quiz correspondant
Distribution des résultats
% des personnes avec chaque résultat
Percentile par nombre de réponses
Votre historique - résultats
Vous n’avez pas pris ce quiz depuis la dernière actualisation